| 000 | 00495nam a2200169Ia 4500 | ||
|---|---|---|---|
| 003 | GCL | ||
| 008 | 140319s9999 xx 000 0 eng d | ||
| 040 |
_aGCL / _cGCL |
||
| 082 | 0 | 4 |
_aCC _b932 _bD P |
| 100 | 1 | _aDAVID, ROSALIE | |
| 245 | 1 | 0 |
_aTHE PYRAMID BUILDERS OF ANCIENT EGYPT: A MODERN INVESTIGATION OF PHARAOH,S WORK FORCE / _cDAVID, ROSALIE |
| 260 |
_a[S.N] : _bROUTLEDGE |
||
| 650 | 0 | 4 | _aFAYOUM - EGYPT |
| 650 | 0 | 4 | _aEGYPT, SOCIAL LIFE |
| 650 | 0 | 4 | _aEGYPT - ANTIQUITIES |
| 942 |
_2ddc _cBK |
||
| 999 |
_c13052 _d13052 |
||